| 000 | 00524pam a2200193 a 4500 | ||
|---|---|---|---|
| 020 |
_a0781729718 _c1371.70 |
||
| 041 |
_aeng _hNULL |
||
| 082 |
_a617.3 _bTUR |
||
| 100 | _aTUREK, S . | ||
| 245 |
_aORTHOPAEDICS : PRINCIPLES & THEIR APPLICATION VOL-2 / _cNULL. _hTextual Documents |
||
| 250 |
_a4 / _b. |
||
| 260 |
_aNULL : _bLIPPINCOTT WILLIAMS & WILKINS , _c2004. |
||
| 300 |
_a829-1756 : _bXXVI ; _cNULL . |
||
| 365 | _a1371.70 | ||
| 907 | _a4502 | ||
| 930 | _a1788 | ||
| 999 |
_c796324 _d796324 |
||
| 650 | _aORTHO | ||